000 00358cam a2200133ua 4500
020 _a1851662170
082 _a526
_bDEN/TH
100 _a .
_91516
245 _aThematic Mapping From Satellite Imagery: An International Report /
260 _aLondon :
_bElsevier Applied Sciences ,
_c1991.
300 _a214 ; .
700 _aDenegre, J
_91517
942 _cREF
999 _c5381
_d5381